000 00674nam a2200253 i 4500
001 C2-0226990
003 PPAK
005 20180728154559.0
008 000706s1949 enk |||| ||||| | may d
040 _aPPAK
_beng
_cPPAK
_erda
082 0 4 _a499.23
_223
090 0 0 _a499.23
_bZAI
_dKK
090 0 0 _a499.23
_bZAI
_dKSI
100 0 _aZainal Abidin b. Ahmad,
_eauthor
245 1 0 _aPelita Bahasa Melayu penggal III
264 1 _aLondon :
_bMacmillan ,
_c1949
300 _aviii, 302 pages ;
_c23 cm
336 _2rdacontent
_atext
337 _2rdamedia
_aunmediated
338 _2rdacarrier
_avolume
500 _aNadir
650 1 0 _aMalay language
942 _ddc
_cB
999 _c147186
_d147186